01520nam a2200337 a 4500001001000000003000500010005001700015008004100032010001100073011001100084040000900095090001000104100003800114245018900152260004100341500006000382502008500442590004000527590004000567590004000607650004700647650004300694650005700737856007000794901000700864942001000871942000600881999001900887952014000906952013601046000111342CHAP20220329144207.0150327s2015 mx a fsm |||||||spa d a107804 a108776 cCHAP aTesis1 aSoto Hernández, Antonio910887910aValoración económica de los servicios ambientales hidrológicos en la sub-cuenca rio Vinazco, Canalejas de Otates, Zacualpan; Veracruzh[En línea]cpor Antonio Soto Hernández. aChapingo, Méx. :bEl autor,c2015. aPara ver el contenido del material haga clic en la liga aTesis (M. C. en Ciencias Forestales ) -- UACH. División de Ciencias Forestales aE5995AHEb05c20150327lUCH01h1013 aE5995AHEb05c20150327lUCH01h1014 aE5995AHEb05c20150414lUCH01h131214aCuencas hidrológicaszVeracrúz.93009514aCuencasxAspectos económicos.93008614aRecursos naturalesxConservaciónzVeracruz.995335 aFinding aiduhttp://10.13.5.2/tesis/sist111342.pdfzTeclea aquí aBK cTESIS n0 c107804d107804 00102local4053708TESISaBCbBCcPA_TESISd2015-03-27fTESISl0oTesisp33724002480512r2019-12-31 00:00:00tc.2w2019-12-31yTESIS 00104054718TESISaBCbBCd2015-03-27fTESISl0oTesisp33724002480553r2019-12-31 00:00:00w2019-12-31yTESISzRecien adquirido